Chakwesha / (Record no. 4764)
[ view plain ]
| 000 -LEADER | |
|---|---|
| fixed length control field | 00587nam a22002175a 4500 |
| 001 - CONTROL NUMBER | |
| control field | 37722 |
| 003 - CONTROL NUMBER IDENTIFIER | |
| control field | GZU |
| 005 - DATE AND TIME OF LATEST TRANSACTION | |
| control field | 20210323153218.0 |
| 008 - FIXED-LENGTH DATA ELEMENTS--GENERAL INFORMATION | |
| fixed length control field | 910930s1991 rh 000 0 und |
| 010 ## - LIBRARY OF CONGRESS CONTROL NUMBER | |
| LC control number | 91200505 |
| 020 ## - INTERNATIONAL STANDARD BOOK NUMBER | |
| International Standard Book Number | 0869259067 |
| 040 ## - CATALOGING SOURCE | |
| Original cataloging agency | DLC |
| Transcribing agency | DLC |
| 050 00 - LIBRARY OF CONGRESS CALL NUMBER | |
| Classification number | IN PROCESS (ONLINE) |
| 100 1# - MAIN ENTRY--PERSONAL NAME | |
| Personal name | Chimhundu, Herbert. |
| 245 10 - TITLE STATEMENT | |
| Title | Chakwesha / |
| Statement of responsibility, etc. | Herbert Chimhundu. |
| 260 ## - PUBLICATION, DISTRIBUTION, ETC. | |
| Place of publication, distribution, etc. | Harare, Zimbabwe : |
| Name of publisher, distributor, etc. | The College Press, |
| Date of publication, distribution, etc. | 1991. |
| 300 ## - PHYSICAL DESCRIPTION | |
| Extent | 198 p. |
| 906 ## - LOCAL DATA ELEMENT F, LDF (RLIN) | |
| a | 0 |
| b | ibc |
| c | orignew |
| d | 4 |
| e | ncip |
| f | 19 |
| g | y-gencatlg |
| 942 ## - ADDED ENTRY ELEMENTS (KOHA) | |
| Source of classification or shelving scheme | Library of Congress Classification |
| Koha item type | Books |
| Classification part | 8681 |
| Item part | CHI |
| Call number prefix | PL |
| Call number suffix | 1991 |
| Withdrawn status | Lost status | Damaged status | Not for loan | Collection code | Home library | Current library | Shelving location | Date acquired | Total Checkouts | Full call number | Barcode | Date last seen | Date last checked out | Copy number | Price effective from | Koha item type | Materials specified (bound volume or other part) | Inventory number |
|---|---|---|---|---|---|---|---|---|---|---|---|---|---|---|---|---|---|---|
| Fiction | City Campus Library | City Campus Library | General Stacks | 03/23/2021 | 1 | PL8681 CHI 1991 | G22035 | 03/25/2022 | 03/11/2022 | c/1 | 03/23/2021 | Books | ||||||
| Fiction | City Campus Library | City Campus Library | General Stacks | 04/26/2021 | PL8681 CHI 2001 | G21912 | 04/26/2021 | c.2 | 04/26/2021 | Books | ||||||||
| Fiction | Mashava Campus Library | Mashava Campus Library | General Stacks | 09/08/2021 | 1 | PL8681 CHI 2001 | 010917 | 09/04/2024 | 08/27/2024 | c. 3 | 09/08/2021 | Books | lcc | 1797 |